|
|
|
|
| LEADER |
00000nab a2200000 a 4500 |
| 001 |
vtls000682281 |
| 003 |
SK-MaSNL |
| 005 |
20260302180929.0 |
| 008 |
180206c1998 xo 0 slo |
| 015 |
|
|
|a SNBRB1998/12-33763
|
| 035 |
|
|
|a CLN000034448
|
| 040 |
|
|
|a SNKBUCL
|b slo
|c SNKBUCL
|e AACR2
|
| 041 |
0 |
|
|a slo
|
| 044 |
|
|
|a xo
|c SK
|
| 080 |
|
|
|a 328.1(437.6)
|2 UDC-MRF-SK2
|
| 100 |
0 |
|
|a (pt, dio)
|4 aut
|9 890756
|
| 245 |
1 |
0 |
|a Vláda SR predložila do NR SR programové vyhlásenie, ktoré označila za program národnej obnovy
|c [autor] (pt, dio)
|
| 610 |
|
7 |
|a Slovensko
|b Vláda
|x vyhlásenie programové
|y 1998-2002
|2 snkbucl
|9 890757
|
| 655 |
|
7 |
|a články z novín a časopisov
|2 snkbucl
|9 267496
|
| 773 |
0 |
|
|t Sme
|g Roč. 6 a 51, č. 269 (20.11.1998), s. 1-2
|
| 850 |
|
|
|a Slovenská národná knižnica v Martine
|
| 852 |
|
|
|a SNK
|b KIS3GCP
|
| 958 |
|
|
|a RBX
|
| 999 |
|
|
|c 1412331
|d 1414261
|